Loading...
| Current Events/Geography | 1 | 20.00 | 100% | 100% | 0% |
| Fine Arts - Classical Music | 6 | 10.00 | 83% | 17% | 0% |
| Fine Arts - Other Fine Arts | 4 | 17.50 | 100% | 75% | 0% |
| Fine Arts - Visual Fine Arts | 6 | 20.00 | 100% | 83% | 17% |
| Geography/Current Events | 1 | 30.00 | 100% | 100% | 100% |
| History - American History | 7 | 17.14 | 100% | 71% | 0% |
| History - European History | 9 | 20.00 | 100% | 89% | 11% |
| History - Other History | 8 | 20.00 | 88% | 75% | 38% |
| History - World History | 6 | 18.33 | 100% | 67% | 17% |
| Literature - American Literature | 8 | 15.00 | 100% | 38% | 13% |
| Literature - British Literature | 7 | 18.57 | 100% | 57% | 29% |
| Literature - European Literature | 5 | 16.00 | 100% | 60% | 0% |
| Literature - World/Other Literature | 8 | 16.25 | 100% | 38% | 25% |
| Mythology | 7 | 18.57 | 100% | 57% | 29% |
| Other Academic | 3 | 13.33 | 100% | 33% | 0% |
| Philosophy | 7 | 8.57 | 71% | 14% | 0% |
| Pop Culture | 1 | 20.00 | 100% | 100% | 0% |
| Religion | 5 | 14.00 | 100% | 40% | 0% |
| Science - Biology | 6 | 13.33 | 100% | 33% | 0% |
| Science - Chemistry | 6 | 16.67 | 100% | 50% | 17% |
| Science - Other Science | 4 | 12.50 | 100% | 25% | 0% |
| Science - Physics | 6 | 13.33 | 100% | 33% | 0% |
| Social Science | 7 | 10.00 | 71% | 29% | 0% |
| World/Other Literature> | 1 | 20.00 | 100% | 100% | 0% |